|
|
|
|
| LEADER |
00000nab a2200000ua 4500 |
| 001 |
vtls010825853 |
| 003 |
SK-MaSNL |
| 005 |
20260303115121.0 |
| 008 |
230127s2008 xo |||||||||||||||||cze| |
| 035 |
|
|
|a (urnnbn)urn:nbn:sk:snk:ar-a067nv
|
| 035 |
|
|
|a urn:nbn:sk:snk-ab5s1n
|
| 035 |
|
|
|a (uuid)4cf774db-6bec-4a20-bdce-955418820e4e
|
| 040 |
|
|
|a SNKBUCL
|b slo
|c SNKBUCL
|e AACR2
|
| 041 |
0 |
|
|a cze
|
| 044 |
|
|
|a xo
|c SK
|
| 100 |
1 |
|
|a Paulová, Magdalena
|4 aut
|9 288567
|
| 245 |
1 |
0 |
|a SLOŽENÍ MATEŘSKÉHO MLÉKA A VÝZNAM JEHO SLOŽEK I. část
|c Magdalena Paulová
|
| 773 |
0 |
|
|t Pediatria
|g Roč. 3, č. 2 (2008), s. [119]-[121]
|
| 954 |
|
|
|a odborná, vedecká literatúra pôvodná (slovenská)
|2 lita
|
| 954 |
|
|
|a odborná, vedecká literatúra cudzojazyčná (svetová)
|2 lita
|
| 958 |
|
|
|a OND
|
| 958 |
|
|
|a EUIPO
|
| 958 |
|
|
|a article5
|
| 999 |
|
|
|c 1902425
|d 1904355
|